Biggest Countries - Sudden Death - Statistics

General Stats
  • This quiz has been taken 3,656 times
  • The average score is 5 of 12
Answers on the Grid
Answers color-coded by a green-red scale on the quiz's grid according to % correct below.
Russia
Canada
China
United States
Brazil
Australia
India
Argentina
Kazakhstan
Algeria
Democratic Republic of the Congo
Saudi Arabia
Mexico
Indonesia
Sudan
Libya
Iran
Mongolia
Peru
Chad
Niger
Angola
Mali
South Africa
Colombia
Ethiopia
Bolivia
Mauritania
Egypt
Tanzania
 
Answer Stats
Answer % Correct
Russia
67%
United States
66%
Canada
59%
China
57%
Brazil
55%
Australia
51%
India
41%
Kazakhstan
39%
Democratic Republic of the Congo
32%
Argentina
26%
Algeria
24%
Saudi Arabia
20%
No matching quizzes found
Score Distribution
Percent of People with Each Score
Percentile by Number Answered
Your Score History
You have not taken this quiz